Missing Word: 'M' Movies Quiz Stats

Quiz Updated Feb 15, 2016

Challenge
Share
Tweet
Embed
Score 0/20 Timer 03:00
0 Plays Today
Movie Missing Word % Correct
_____ Poppins Mary
98.9%
_____ Dollar BabyMillion
98.7%
_____ in BlackMen
98%
_____ the FockersMeet
97.7%
_____ Python's Life of Brian Monty
96.8%
_____ on the MoonMan
96.1%
_____ Mia!Mamma
94.4%
_____ of the PenguinsMarch
93%
_____ Attacks!Mars
90%
The _____ of ZorroMask
88%
Movie Missing Word % Correct
_____: Escape 2 AfricaMadagascar
87.4%
_____ in ManhattanMaid
86.5%
_____ MikeMagic
86.3%
_____ GirlsMean
85%
The _____ SevenMagnificent
84%
The _____ FalconMaltese
83.6%
_____ of a GeishaMemoirs
81.5%
_____ LeagueMajor
78.4%
_____ to the MobMarried
73.9%
_____ CowboyMidnight
72%

Today's Daily Dose

Quick Pick
Overwatch Maps

On This Day
May 26th II

You're not logged in!

Compare scores with friends on all Sporcle quizzes.
Join for Free
OR
Log In

You Might Also Like...

Show Comments

Extras

Top Quizzes Today


Score Distribution

Your Account Isn't Verified!

In order to create a playlist on Sporcle, you need to verify the email address you used during registration. Go to your Sporcle Settings to finish the process.

Report this User

Report this user for behavior that violates our Community Guidelines.

Details: